000 00471nam a2200169Ia 4500
008 180921t2017 xxu||||| |||| 00| 0 sin d
041 _asin
080 _a294.3
_bDHA
100 _aDhammarathana himi, Uturawala
245 _aසතර කමටහන් භාවනා විධි
246 _aSathara Kamatahan Bhawana Vidi
260 _bGunasena
_aColombo
_c2017
300 _b44p, 21cm
942 _cBK
999 _c1387
_d1387
003 LK-CoDNM
040 _aLK-CoDNM
_dLK-CoDNM
_eLK-CoDNM